|
|
|
|
| LEADER |
00000nas a2200000 a 4500 |
| 001 |
ssj0000392482 |
| 003 |
WaSeSS |
| 005 |
20200512172242.0 |
| 006 |
m d |
| 007 |
cr n |
| 008 |
081121c20099999nz uu p s 0 0eng c |
| 010 |
|
|
|a 2010256032
|
| 016 |
7 |
|
|a 997563664
|2 DE-101
|
| 016 |
7 |
|
|a 2520700-3
|2 DE-600
|
| 016 |
7 |
|
|a 101544775
|2 DNLM
|
| 016 |
7 |
|
|a 003282586
|2 IsJJNL
|
| 022 |
|
|
|a 1179-1365
|l 1179-1365
|
| 035 |
|
|
|a (WaSeSS)ssj0000392482
|
| 040 |
|
|
|a NZ1
|b eng
|c NZ1
|d OCLCQ
|d OCLCS
|d OCLCQ
|d RBN
|d NLM
|d CUS
|d OCLCQ
|d CUS
|d OCLCF
|d EUW
|d J9U
|d SHS
|d DEBBG
|d GWDNB
|d SCB
|d OCLCQ
|d OCLCO
|d OCLCA
|d WT2
|d OCLCQ
|d NTG
|d OCLCQ
|d AU@
|d OCLCA
|d OCLCQ
|d WaSeSS
|
| 042 |
|
|
|a pcc
|
| 050 |
1 |
4 |
|a RA969.9
|
| 060 |
1 |
0 |
|a W1
|
| 082 |
0 |
4 |
|a 362.105
|2 22
|
| 210 |
1 |
0 |
|a Drug Healthc Patient Saf #2 dnlm
|
| 245 |
0 |
0 |
|a Drug, healthcare and patient safety
|h [electronic resource].
|
| 260 |
|
|
|a [Auckland, N.Z.] :
|b Dove Medical Press
|
| 362 |
1 |
|
|a Began with v. 1 (2009).
|
| 500 |
|
|
|a Archived by the National Library of New Zealand.
|
| 500 |
|
|
|a Hypertext links contained in the archived instances of this title are non-functional.
|5 Nz
|
| 506 |
|
|
|a License restrictions may limit access.
|
| 515 |
|
|
|a Articles added irregularly during the year and collected into annual issues.
|
| 588 |
0 |
|
|a First issue; title from journal home page (viewed Apr. 30, 2009).
|
| 588 |
1 |
|
|a 2011:3 (viewed Apr. 27, 2011).
|
| 650 |
|
0 |
|a Medical care
|x Safety measures
|v Periodicals.
|
| 650 |
1 |
2 |
|a Patient Care
|x standards.
|
| 650 |
2 |
2 |
|a Medical Errors
|x prevention & control.
|
| 650 |
2 |
2 |
|a Pharmaceutical Services
|x standards.
|
| 650 |
2 |
2 |
|a Delivery of Health Care
|x standards.
|
| 650 |
|
7 |
|a Medical care
|x Safety measures.
|2 fast
|0 (OCoLC)fst01013855
|
| 655 |
|
0 |
|a Electronic journals.
|
| 856 |
4 |
0 |
|z Full text available from Research Library: 01/01/2009 to present
|u https://search.proquest.com/publication/3933168
|